Κατάλογος Βιβλιοθηκών Mediterranean College

Ένας Οδηγός στο Νέο Νόμο για την Πνευματική Ιδιοκτησία (Record no. 2886)

MARC details
000 -LEADER
fixed length control field 01067cam a22001814a 4500
005 - ΗΜΕΡΟΜΗΝΙΑ ΚΑΙ ΩΡΑ ΤΕΛΕΥΤΑΙΑΣ ΕΝΗΜΕΡΩΣΗΣ
Πεδίο ελέγχου 20250605164056.0
008 - FIXED-LENGTH DATA ELEMENTS--GENERAL INFORMATION
Πεδίο ελέγχου σταθερού μήκους 250528s ||||||||||||||||||||||||d
035 ## - SYSTEM CONTROL NUMBER
System control number 17476
040 ## - ΠΗΓΗ ΚΑΤΑΛΟΓΟΓΡΑΦΗΣΗΣ
Φορέας πρωτότυπης καταλογογράφησης MC Athens Campus Library
Γλώσσα καταλογογράφησης Ελληνικά, Μοντέρνα (1453-)
Modifying agency MC Athens Campus Library
Κανόνες περιγραφικής καταλογογράφησης AACR2
245 1# - ΤΙΤΛΟΣ ΚΑΙ ΔΗΛΩΣΗ ΥΠΕΥΘΥΝΟΤΗΤΑΣ
Τίτλος Ένας Οδηγός στο Νέο Νόμο για την Πνευματική Ιδιοκτησία
260 ## - PUBLICATION, DISTRIBUTION, ETC.
Name of publisher, distributor, etc. Αντ. Ν. Σάκκουλα,
Date of publication, distribution, etc. 1993
300 ## - PHYSICAL DESCRIPTION
Extent 56
520 ## - SUMMARY, ETC.
Summary, etc. Πρόλογος, Εισαγωγή, Οι Πηγές του Δικαίου και η Διεθνής Προστασία, Το Αντικείμενο του Δικαιώματος, Το Υποκείμενο του Δικαιώματος, Το Περιεχόμενο του Δικαιώματος: Η Εκμετάλευση του Έργου, Το Ηθικό Δικαίωμα, Οι Περιορισμοί του Δικαιώματος, Η Προστασία του Δικαιώματος, Τα Συγγενικά Δικαιώματα.
700 1# - ΠΡΟΣΘΕΤΗ ΑΝΑΓΡΑΦΗ--ΦΥΣΙΚΟ ΠΡΟΣΩΠΟ
Personal name Κουμαντός Γιώργος Α
9 (RLIN) 3614
942 ## - ADDED ENTRY ELEMENTS (KOHA)
Koha item type Books
Holdings
Τύπος τεκμηρίου Βιβλιοθήκη Τρέχουσα τοποθεσία Barcode Αριθμός εισαγωγής Ημερομηνία απόκτησης Ταξιθετικό σύμβολο Αριθμός αντιτύπου Κατάσταση απόσυρσης Κατάσταση χαμένου Κατάσταση κατεστραμμένου Μη δανεισμός Σύνολο δανεισμών Ημερομηνία τελευταίας εμφάνισης Η τιμή ισχύει από
Books MC Athens Campus Library MC Athens Campus Library 9780000028853 5726 05/06/2025 346.73048 KOU 1           05/06/2025 05/06/2025

MC Athens Campus Library
Πατησίων 94 & Κοδριγκτώνος 13, 104 34
Πελλήνης 8 & Πατησίων 107, 112 51
Τ: +30 210 8899600

MC Thessaloniki Campus Library
Ίωνος Δραγούμη 21, 54625 | Ίωνος Δραγούμη 15, 54625
Τ: +30 2310 287779 – Τ: +30 2314 440300